• 首页
  • 本馆介绍
  • 公告通知
  • 最新文献
  • 馆藏检索
  • 电子资源
  • 读者导购
  • 参考咨询
  • 我的图书馆
  • 登录
  • 详细信息显示
  • 放入我的书架
  • 预约/预借图书
  • 作者相关作品
  • 分类相关作品
  • 丛书相关作品
  • 出版社相关作品

书目信息

  • 表格格式
  • 工作单格式
  • 卡片格式
题名:
异体字研究
    
 
作者: 张书岩 主编
分册:  
出版信息: 北京   商务印书馆  2004
页数: 10,362页
开本: 21cm
丛书名: 汉字规范问题研究丛书
单 册:
中图分类: H124.3
科图分类:
主题词: 汉字--异体字--研究
电子资源:
ISBN: 7-100-04007-8
000 00847oam2 2200277 45
001 0900000023094
005 20051009173441.04
010    @a7-100-04007-8@dCNY20.00
092    @aCN
100    @a20050216d2004 ekmy0chiy0120 ea
101 0  @achi
102    @aCN@b110000
105    @ay z 001yy
200 1  @a异体字研究@9yi ti zi yan jiu@f张书岩主编@Fzhang shu yan zhu bian
210    @a北京@c商务印书馆@d2004
215    @a10,362页@d21cm
225 2  @a汉字规范问题研究丛书
320    @a有索引
330    @a本文集收录相关理论文章有:《异体字的定义与类型》、《异体字的概念与异体字的整理》、《正本清源说异体》等。
410  0 @12001 @a汉字规范问题研究丛书
606 0  @a汉字@x异体字@x研究
690    @aH124.3@v4
701  0 @a张书岩@Azhang shu yan@4主编
801  0 @aCN@bTSSF@c20051009
905    @a10447@dH124.3@e113
999    @aAFJ@eJDD
    
    异体字研究/张书岩主编.-北京:商务印书馆,2004
    10,362页;21cm.-(汉字规范问题研究丛书)
    
    
    ISBN 7-100-04007-8:CNY20.00
    本文集收录相关理论文章有:《异体字的定义与类型》、《异体字的概念与异体字的整理》、《正本清源说异体》等。
●
相关链接 在E读中查询图书 在五车中查询图书 在当当中查询图书 在豆瓣中查询图书


正题名:异体字研究     索取号:H124.3/113         预约/预借

序号 登录号 条形码 馆藏地/架位号 状态 备注
1 0365385   3653852   第二样本阅览室/ [索取号:H124.3/113] 在馆    
2 0365386   3653861   第四借阅区/ [索取号:H124.3/113] 在馆    
3 0365387   3653870   第四借阅区/ [索取号:H124.3/113] 在馆    
4 0365388   3653889   第四借阅区/ [索取号:H124.3/113] 在馆    
5 0365389   3653898   第四借阅区/ [索取号:H124.3/113] 在馆    
唐山师范学院图书馆 欢迎您!
大连网信软件有限公司© 版权所有